Music Quiz

Random Music or Lyrics Quiz

Mystery 90's Pop Lyrics XI Quiz Stats

 Plays Quiz not verified by Sporcle

Score 0/278 Timer 15:00
0 Plays Today
% Correct
a
97.9%
a
97.9%
a
97.9%
a
97.9%
a
97.9%
a
97.9%
a
97.9%
You
96.9%
You
96.9%
you
96.9%
you.
96.9%
You
96.9%
you
96.9%
you
96.9%
you
96.9%
you
96.9%
you
96.9%
you.
96.9%
You
96.9%
you.
96.9%
You
96.9%
you.
96.9%
you.
96.9%
you.
96.9%
You
96.9%
you.
96.9%
You
96.9%
you
96.9%
you.
96.9%
You
96.9%
you.
96.9%
you.
96.9%
I
96.4%
I
96.4%
I
96.4%
I
96.4%
I
96.4%
I
96.4%
I
96.4%
I
96.4%
I
96.4%
I
96.4%
I
96.4%
I
96.4%
I
96.4%
I
96.4%
I
96.4%
I
96.4%
I
96.4%
I
96.4%
I
96.4%
me,
91.7%
me
91.7%
me
91.7%
me,
91.7%
me
91.7%
me
91.7%
me.
91.7%
me
91.7%
me
91.7%
me
91.7%
me
91.7%
the
90.6%
the
90.6%
and
89.1%
and
89.1%
and
89.1%
and
89.1%
be
87%
be
87%
be
87%
be
87%
be
87%
be
87%
be
87%
be
87%
be
87%
we
86.5%
to
86.5%
to
86.5%
to
86.5%
to
86.5%
do:
80.7%
do:
80.7%
do:
80.7%
wanna
79.2%
wanna
79.2%
wanna
79.2%
wanna
79.2%
on
79.2%
on
79.2%
wanna
79.2%
wanna
79.2%
% Correct
wanna
79.2%
wanna
79.2%
wanna
79.2%
wanna
79.2%
wanna
79.2%
love
77.1%
with
76%
with
76%
with
76%
with
76%
with
76%
with
76%
with
76%
with
76%
with
76%
with
76%
can
74%
can
74%
can
74%
can
74%
can
74%
can
74%
in
72.4%
go
72.4%
in
72.4%
it
71.9%
it
71.9%
it
71.9%
it
71.9%
is
71.4%
your
68.2%
your
68.2%
your
68.2%
so
67.2%
so
67.2%
for
66.7%
when
66.1%
when
66.1%
when
66.1%
my
65.6%
my
65.6%
my
65.6%
'That
65.1%
what
65.1%
just
64.6%
only
64.6%
only
64.6%
only
64.6%
only
64.6%
only
64.6%
only
64.6%
only
64.6%
only
64.6%
only
64.6%
like
62.5%
like
62.5%
at
59.9%
at
59.9%
why
59.9%
at
59.9%
at
59.9%
at
59.9%
why
59.9%
you're
59.4%
you're
59.4%
but
58.9%
I'm
58.3%
I'm
58.3%
I'm
58.3%
I'm
58.3%
I'm
58.3%
I'm
58.3%
if
57.3%
if
57.3%
say.
56.8%
say,
56.8%
can't
56.3%
girl
55.2%
look
54.2%
look
54.2%
get
51.6%
get
51.6%
from
51%
I've
50.5%
out
50.5%
come
50%
nothing
50%
nothing
50%
nothing
50%
nothing
50%
got
48.4%
baby
47.4%
baby.
47.4%
% Correct
there's
46.9%
there's
46.9%
will
46.9%
ever
46.9%
there's
46.9%
make
46.4%
make
46.4%
up
45.8%
up
45.8%
'cause
44.8%
call
44.3%
She
44.3%
she
44.3%
call
44.3%
call
44.3%
by,
42.7%
won't
41.7%
won't
41.7%
Well
41.1%
Well
41.1%
Well
41.1%
different
40.6%
mad
40.6%
friends.
40.6%
cry.
40.1%
been
40.1%
way.
40.1%
cry.
40.1%
gonna
38.5%
other
38%
left
38%
worlds.
37.5%
Yeah,
37.5%
Yeah,
37.5%
Yeah,
37.5%
man
35.9%
girls.
35.4%
'Said
35.4%
laugh
31.8%
looking
31.8%
such
31.3%
such
31.3%
dolphins
30.2%
dolphins
30.2%
came
29.7%
crazy
29.2%
wonder
29.2%
wonder
29.2%
crazy
29.2%
wonder
29.2%
fool:
28.1%
fool:
28.1%
fool:
28.1%
dance,
26.6%
ring.
26.6%
ask
26.6%
his
26%
wear
25.5%
meant
25.5%
sing.
25%
Put
24.5%
help
23.4%
until
21.9%
Sometimes
21.4%
little
21.4%
took
21.4%
Sometimes
21.4%
Sometimes
21.4%
end.
20.8%
Ain't
20.3%
tangled
19.8%
tangled
19.8%
million
18.8%
bucks
18.8%
died
18.2%
lucky.'
18.2%
blue.
17.7%
blue.
17.7%
sitting
16.7%
fence.
16.7%
Italy.
15.1%
inherited
15.1%
Dylan
14.6%
wife
14.1%
pout
13.5%
great.'
13.5%
cool?
13.5%
Bobby
12%
line
11.5%
shot
10.9%
named
10.9%
Gray;
10.4%

You're not logged in!

Compare scores with friends on all Sporcle quizzes.
OR
Log In

Show Comments

Extras

Top Quizzes Today


Score Distribution

Your Account Isn't Verified!

In order to create a playlist on Sporcle, you need to verify the email address you used during registration. Go to your Sporcle Settings to finish the process.

Report this User

Report this user for behavior that violates our Community Guidelines.

Details: